[Event "DMP Ekstraliga 2020"]
[Site "Krakow"]
[Date "2020.09.01"]
[Round "7.1"]
[White "Kempinski, Robert"]
[Black "Kryvoruchko, Yuriy"]
[Result "0-1"]
[WhiteElo "2568"]
[BlackElo "2682"]
[Annotator "TA"]
[PlyCount "114"]
[EventDate "2020.08.26"]
[EventType "team-tourn"]
[EventCountry "POL"]
[SourceTitle "playchess.com"]
[Source "ChessBase"]
[SourceQuality "1"]
[WhiteTeam "Miedz Legnica"]
[BlackTeam "Stilon Gorzow"]

{[%evp 15,114,14,31,-7,-7,-17,0,0,0,0,0,-7,-9,-13,-19,-19,-12,-23,-10,-22,-22,-33,-19,-18,-6,-33,-23,-41,-43,-62,-56,-58,-64,-135,-133,-160,-168,-169,-173,-156,-172,-177,-134,-187,-183,-191,-188,-172,-175,-195,-195,-195,-195,-195,-195,-195,-195,-195,-195,-200,-210,-210,-210,-204,-203,-287,-287,-245,-191,-400,-400,-400,-395,-394,-394,-394,-386,-266,-143,-831,-395,-890,-447,-1502,-1492,-1446,-1425,-870,-475,-475,-475,-475,-475,-475,-472,-445,-295,-29971,-29973,-29970,-29970]} 1. d4 Nf6 2. c4 e6 3. g3 d5 4. Nf3 Be7 5. Bg2 O-O 6. O-O dxc4 7. Qc2 a6 8. a4 {The main line 8.a4 scores better than 8.Qxc4.} c5 9. Qxc4 {E05: Open Catalan: 5 Nf3 Be7.} cxd4 {[#]} 10. Qxd4 $146 ({Predecessor:} 10. Nxd4 e5 11. Nf3 Be6 12. Qc2 Nbd7 13. Nc3 Rc8 14. Bd2 Qc7 15. Rfc1 b5 16. axb5 axb5 {½-½ (49) Souza Neves,A (2087)-Vidruska,R (2045) chess.com INT 2020}) 10... Nc6 11. Qxd8 {The position is equal.} Rxd8 12. Nc3 e5 13. Bg5 Be6 14. Rfd1 h6 15. Bxf6 gxf6 16. Ne1 Bb3 17. Rxd8+ Rxd8 ({Of course not} 17... Bxd8 18. Nd3 $14) 18. Nd3 Na5 19. g4 Bc4 20. b4 Nb3 21. Rb1 Nd4 22. Nc1 b5 23. e3 Nc2 $36 {[%mdl 2048] Black has good play.} 24. axb5 ({Better is} 24. Rb2 $15 Nxb4 25. axb5) 24... Na3 $1 $17 {[%cal Ra3b1]} ({Don't play} 24... Bxb4 $6 25. N1a2 $11) 25. Ra1 Nxb5 ({Don't do} 25... axb5 26. Bf1 $15) 26. N1a2 {[#]} Nxc3 $1 27. Nxc3 Bxb4 28. Nd5 a5 29. Nxf6+ (29. e4 $17) 29... Kg7 $19 30. Nh5+ Kf8 31. Bc6 Be2 32. h3 {[#]} Rd1+ $1 33. Rxd1 Bxd1 {[%mdl 4096] Endgame KBB-KBN} 34. Nf6 Ke7 35. Ng8+ Kd6 36. Be8 Bb3 37. Nxh6 Ke7 38. Bb5 a4 {Hoping for ...a3.} 39. Nf5+ Kf6 {White must now prevent ...a3.} 40. Bxa4 (40. Bd3 $142) 40... Bxa4 41. Kg2 Bc2 42. Ng3 $2 (42. Nh4) 42... Kg5 43. Kf3 Kh4 44. Kg2 Bc5 45. Kh2 Bd3 46. Kg2 Bb6 (46... Bg6 $19 47. e4 f6) 47. Kh2 $2 {[%mdl 8192] This move loses the game for White.} (47. e4 $17) 47... Kg5 (47... e4 $142 48. Nf5+ Kg5) 48. Kg2 $2 (48. Nh5 Kh4 49. Ng3) 48... e4 49. Nf5 (49. f4+ $142 exf3+ 50. Kxf3) 49... Be2 50. Kg1 Bc7 51. Kg2 Be5 52. Kg1 Bc4 53. Kg2 Be6 54. Ng3 Kh4 55. Ne2 Bb3 {Strongly threatening ...Bd1.} 56. Ng1 $2 (56. Ng3 $19) 56... Bd1 57. f3 {[#]} Bh2 $1 {[%mdl 512] Accuracy: White = 62%, Black = 84%.} 0-1

[Event "DMP Ekstraliga 2020"]
[Site "Krakow"]
[Date "2020.09.01"]
[Round "7.2"]
[White "Bluebaum, Matthias"]
[Black "Heberla, Bartlomiej"]
[Result "1-0"]
[WhiteElo "2647"]
[BlackElo "2566"]
[Annotator "RC"]
[PlyCount "77"]
[EventDate "2020.08.26"]
[EventType "team-tourn"]
[EventCountry "POL"]
[SourceTitle "playchess.com"]
[Source "ChessBase"]
[SourceQuality "1"]
[WhiteTeam "Stilon Gorzow"]
[BlackTeam "Miedz Legnica"]
[TimeControl "30/5400+30:1800+30"]

1. d4 {[%emt 0:00:00]} d5 {[%emt 0:00:00]} 2. Nf3 {[%emt 0:00:00]} e6 {[%emt 0:00:00]} 3. c4 {[%emt 0:00:00]} a6 {[%emt 0:00:09]} 4. cxd5 {[%emt 0:00:11]} exd5 {[%emt 0:00:04]} 5. Nc3 {[%emt 0:00:08]} Nf6 {[%emt 0:00:06]} 6. Bf4 {[%emt 0:01:45]} Bd6 {[%emt 0:00:12]} 7. Bg3 {[%emt 0:00:05]} O-O {[%emt 0:01:29]} 8. e3 {[%emt 0:00:09]} Bg4 {[%emt 0:02:41]} 9. Bd3 {[%emt 0:05:30]} Re8 {[%emt 0:17:36]} 10. Bh4 {[%emt 0:08:49]} c6 {[%emt 0:04:26]} 11. Qb3 {[%emt 0:01:11]} b5 {[%emt 0:02:08]} 12. Qc2 {[%emt 0:07:51]} h6 {[%emt 0:00:30]} 13. h3 {[%emt 0:04:44]} Bxf3 {[%emt 0:07:23]} 14. gxf3 {[%emt 0:00:04]} Nbd7 {[%emt 0:01:04]} 15. O-O-O {[%emt 0:06:13]} Be7 {[%emt 0:07:06]} 16. Kb1 {[%emt 0:03:19]} Nb6 {[%emt 0:03:11]} 17. Rhg1 {[%emt 0:03:17]} Kh8 {[%emt 0:04:20]} 18. Ne2 {[%emt 0:04:26]} Nc4 {[%emt 0:01:12]} 19. Ng3 {[%emt 0:05:28]} Ng8 {[%emt 0:36:31]} 20. Bxe7 {[%emt 0:17:23]} Nxe7 {[%emt 0:00:15]} 21. Nh5 {[%emt 0:01:04]} g6 {[%emt 0:00:18]} 22. Nf6 {[%emt 0:00:05]} Rf8 {[%emt 0:00:14]} 23. f4 {[%emt 0:00:14]} Qd6 {[%emt 0:06:01]} 24. Ng4 {[%emt 0:00:04]} f5 {[%emt 0:00:10]} 25. Ne5 {[%emt 0:00:44]} Nxe5 {[%emt 0:01:17]} 26. fxe5 {[%emt 0:00:08]} Qe6 {[%emt 0:00:03]} 27. h4 {[%emt 0:00:47]} Rac8 {[%emt 0:00:26]} 28. f4 {[%emt 0:01:08]} h5 {[%emt 0:00:13]} 29. Rg5 {[%emt 0:00:10]} Rg8 {[%emt 0:01:15]} 30. Rdg1 {[%emt 0:00:22]} Rg7 {[%emt 0:01:06]} 31. Qc5 {[%emt 0:31:50]} Rcg8 {[%emt 0:30:33]} 32. Qd6 {[%emt 0:00:22]} Qc8 {[%emt 0:02:27]} 33. Be2 {[%emt 0:00:50]} Rd8 {[%emt 0:00:24]} 34. Rxh5+ {[%emt 0:03:35]} Kg8 {[%emt 0:00:07]} 35. Qc5 {[%emt 0:00:03]} gxh5 {[%emt 0:00:58]} 36. Rxg7+ {[%emt 0:00:05]} Kxg7 {[%emt 0:00:08]} 37. Qxe7+ {[%emt 0:00:03]} Kh8 {[%emt 0:01:02]} 38. Qf6+ {[%emt 0:00:26]} Kg8 {[%emt 0:00:13]} 39. Bxh5 {[%emt 0:03:04]} 1-0

[Event "DMP Ekstraliga 2020"]
[Site "Krakow"]
[Date "2020.09.01"]
[Round "7.3"]
[White "Olszewski, Michal"]
[Black "Piorun, Kacper"]
[Result "0-1"]
[WhiteElo "2547"]
[BlackElo "2596"]
[Annotator "TA"]
[PlyCount "82"]
[EventDate "2020.08.26"]
[EventType "team-tourn"]
[EventCountry "POL"]
[SourceTitle "playchess.com"]
[Source "ChessBase"]
[SourceQuality "1"]
[WhiteTeam "Miedz Legnica"]
[BlackTeam "Stilon Gorzow"]
[BlackTeamCountry "POL"]

{[%evp 17,82,-22,9,0,17,7,20,16,26,15,20,24,33,0,4,0,22,0,25,19,16,26,27,21,12,17,23,27,28,0,17,16,7,4,16,8,25,49,59,-25,-20,-18,-29,-28,-30,-24,-29,-36,-31,-41,-40,-47,0,-18,-20,-29,-25,-152,-152,-140,-132,-737,-706,-727,-697,-675,-510]} 1. d4 Nf6 2. c4 e6 3. Nc3 Bb4 4. e3 O-O 5. Bd3 c5 6. Nge2 d5 7. O-O cxd4 8. exd4 dxc4 9. Bxc4 Nbd7 10. Nf4 {E48: Nimzo-Indian: Rubinstein: 5 Bd3 d5 including 6 Ne2, but excluding 6 a3.} Nb6 11. Bb3 Bd7 12. Nd3 {The position is equal.} Be7 13. Ne5 Rc8 14. Qd3 Bc6 {[#]} 15. Rd1 $146 ({Predecessor:} 15. Re1 Nbd5 16. h3 Qb6 17. Bg5 Rfd8 18. Qe2 Nc7 19. Rac1 h6 20. Nxc6 bxc6 21. Na4 {½-½ (48) Greene,S (2260)-Zaas,D ICCF email 2011}) 15... Nbd5 16. Bg5 Nxc3 17. bxc3 Be4 18. Qe2 {[#] Black must now prevent Bxf6.} Bf5 19. c4 h6 20. Bf4 Bd6 21. h3 Qe7 22. Qe3 Rfd8 23. Re1 Bh7 24. Rad1 Bb4 25. Re2 Ne4 26. Rc1 Ba3 27. Rf1 Bd6 28. Rd1 (28. c5 $14 Bc7 29. Rfe1) 28... f6 $36 {[%mdl 2048] Black is more active.} 29. Nd3 {Threatens to win with c5.} Nc3 {[%mdl 64] [#] Double Attack} 30. c5 Bxf4 31. Nxf4 Nxe2+ 32. Qxe2 Kh8 $1 33. Qxe6 Qxe6 34. Nxe6 Rd7 35. d5 Bg8 $1 {[%cal Rg8e6] ...Bxe6 is the strong threat.} 36. d6 b6 37. f4 (37. Ba4 $1 $11 Bxe6 38. c6) 37... bxc5 $17 {Hoping for ...c4.} 38. f5 {Strongly threatening Ba4.} Rc6 39. Nxc5 $2 {[%mdl 8192]} (39. Re1 $17) 39... Rxc5 $19 {Black is clearly winning.} 40. Be6 Rd8 41. d7 Rc6 {Accuracy: White = 68%, Black = 96%.} 0-1

[Event "DMP Ekstraliga 2020"]
[Site "Krakow"]
[Date "2020.09.01"]
[Round "7.4"]
[White "Krasenkow, Michal"]
[Black "Simacek, Pavel"]
[Result "1-0"]
[WhiteElo "2605"]
[BlackElo "2474"]
[Annotator "TA"]
[PlyCount "109"]
[EventDate "2020.08.26"]
[EventType "team-tourn"]
[EventCountry "POL"]
[SourceTitle "playchess.com"]
[Source "ChessBase"]
[SourceQuality "1"]
[WhiteTeam "Stilon Gorzow"]
[BlackTeam "Miedz Legnica"]
[BlackTeamCountry "CZE"]

{[%evp 22,109,26,24,85,56,51,55,99,92,113,114,117,106,106,93,98,55,99,-60,31,12,79,72,127,81,81,81,81,75,86,77,85,82,89,68,89,83,82,58,77,50,55,27,41,0,0,0,29,0,84,0,0,-54,-52,-158,-22,-127,0,-272,12,0,118,102,116,106,103,56,93,0,0,-8,-8,-8,-8,-8,-8,-8,0,-1525,-1476,-1253,439,392,359,369,357,349,29986,29986]} 1. d4 Nf6 2. c4 c5 3. d5 e6 4. Nc3 exd5 5. cxd5 d6 6. e4 g6 7. f4 Bg7 8. Bb5+ Nfd7 9. a4 O-O 10. Nf3 Na6 11. O-O Nb4 {The main line 11...Nb4 scores better than 11...Nc7.} 12. Re1 Nf6 {A67: Modern Benoni: Taimanov Variation.} (12... a6 $11 13. Bf1 Re8) 13. h3 a6 14. Bc4 Nd7 {White is slightly better.} 15. Be3 b6 16. Bf2 {[#]} f6 $146 ({Predecessor:} 16... Re8 17. Bg3 Bb7 18. e5 b5 19. axb5 Nb6 20. b3 dxe5 21. fxe5 N6xd5 22. Ne4 axb5 23. Rxa8 Qxa8 24. Bxb5 {0-1 (37) Khoo,C (1976)-Abelgas,R (2291) Penang 2013}) 17. Bg3 Bb7 18. Bh2 Kh8 19. g4 Qc7 20. h4 $2 (20. Bg3 $16) 20... Rae8 (20... f5 $15) 21. Qd2 Bc8 (21... f5 $11 {keeps the balance.}) 22. f5 $16 gxf5 (22... Ne5 $142 23. Bxe5 fxe5) 23. gxf5 Ne5 24. Bxe5 $1 fxe5 25. Ng5 Bf6 26. Re2 Rg8 27. Rg2 Rg7 28. Kf2 Reg8 29. Rag1 Qe7 30. Ke1 Bd7 31. Kd1 Qe8 32. Kc1 b5 33. axb5 axb5 34. Be2 Qe7 35. Qe3 Be8 (35... c4 $11) 36. Kd2 ({White should try} 36. Nxb5 $16 Bxb5 37. Bxb5) 36... c4 $11 37. Ra1 (37. Qb6 $11) 37... Qb7 $1 $15 38. Rgg1 (38. Rag1 $15) 38... Bd8 (38... Na6 $1 $17 {aiming for ...Nc5.} 39. Kc2 Nc5) 39. Qf3 (39. Rgf1 $1 $11) 39... Bf6 (39... Qb6 $17 40. Rg3 Bf6) 40. Qf2 $2 {[%mdl 8192] [#]} (40. Qe3 $1 $11 {and White stays safe.}) 40... Qe7 $2 (40... Na6 $1 $19 {Threatens to win with ...b4.} 41. b4 cxb3) 41. Ne6 Rxg1 (41... Bxh4 $11 42. Rxg7 Rxg7) 42. Rxg1 $16 Rxg1 43. Qxg1 Qb7 44. h5 Na6 {[#]} 45. h6 ({Better is} 45. Qe3 $1 $16) 45... b4 46. Nd1 c3+ 47. Kc1 $132 {[%mdl 2048] White puts up resistance} ({Wrong is} 47. bxc3 $2 bxc3+ 48. Kc1 Qb3 $19) 47... Nc5 48. Nxc5 Qa7 $1 {[%cal Ra7a1][%mdl 64] ...Qa1+ is the strong threat. Pin} 49. bxc3 Qa1+ 50. Kc2 $2 {[%mdl 8192]} (50. Kd2 $11 bxc3+ 51. Kc2 Qa2+ 52. Kxc3 Qxe2 53. Nb2) 50... Qa2+ $19 51. Nb2 bxc3 $4 {[%mdl 8192]} (51... dxc5 $19 52. cxb4 Ba4+ 53. Kd2 Qxb2+ {[%mdl 64] Double Attack} 54. Ke1 Qc1+ 55. Kf2 Qf4+ 56. Kg2 Bc2) 52. Kxc3 $18 Qa5+ 53. Kc2 dxc5 54. Bc4 {Strongly threatening d6.} Qa3 $2 (54... Qd8 $18 55. Qxc5 Be7) 55. d6 {Accuracy: White = 54%, Black = 49%.} 1-0

[Event "DMP Ekstraliga 2020"]
[Site "Krakow"]
[Date "2020.09.01"]
[Round "7.5"]
[White "Bobras, Piotr"]
[Black "Kanarek, Marcel"]
[Result "1/2-1/2"]
[WhiteElo "2487"]
[BlackElo "2488"]
[Annotator "TA"]
[PlyCount "49"]
[EventDate "2020.08.26"]
[EventType "team-tourn"]
[EventCountry "POL"]
[SourceTitle "playchess.com"]
[Source "ChessBase"]
[SourceQuality "1"]
[WhiteTeam "Miedz Legnica"]
[BlackTeam "Stilon Gorzow"]

{[%evp 28,49,16,22,20,27,22,27,35,48,37,0,10,24,23,20,24,0,0,0,26,0,0,0]} 1. e4 c5 2. Nf3 d6 3. d4 cxd4 4. Nxd4 Nf6 5. Nc3 g6 6. Be3 Bg7 7. f3 O-O 8. Qd2 Nc6 9. Bc4 Nxd4 10. Bxd4 Be6 11. Bb3 Qa5 12. O-O-O b5 {[%cal Bb7b5,Bb5b4][%mdl 32]} 13. Kb1 b4 14. Nd5 Bxd5 15. exd5 Qb5 $1 {B77: Sicilian Dragon: Yugoslav Attack, 9 Bc4 sidelines.} 16. Qd3 Qxd3 17. Rxd3 Nd7 {White has an edge.} 18. Bxg7 Kxg7 {[#]} 19. Re1 $146 ({Predecessor:} 19. Re3 Kf6 20. Rhe1 a5 21. Rxe7 Ne5 22. Rb7 g5 23. Rf1 Rfe8 24. Ba4 Reb8 25. Rxb8 Rxb8 {½-½ (34) Gooshchin,D (2553)-Ham,S (2583) ICCF email 2016}) 19... Kf6 20. Rd4 a5 21. Rf4+ Kg5 22. Rg4+ Kf6 23. Rf4+ Kg5 24. Rg4+ Kf6 25. Rf4+ {Accuracy: White = 78%, Black = 100%.} 1/2-1/2

[Event "DMP Ekstraliga 2020"]
[Site "Krakow"]
[Date "2020.09.01"]
[Round "7.6"]
[White "Antolak, Julia"]
[Black "Kiolbasa, Oliwia"]
[Result "1/2-1/2"]
[WhiteElo "2323"]
[BlackElo "2160"]
[Annotator "TA"]
[PlyCount "57"]
[EventDate "2020.08.26"]
[EventType "team-tourn"]
[EventCountry "POL"]
[SourceTitle "playchess.com"]
[Source "ChessBase"]
[SourceQuality "1"]
[WhiteTeam "Stilon Gorzow"]
[BlackTeam "Miedz Legnica"]

{[%evp 33,57,21,43,18,55,4,31,13,56,50,35,48,66,-19,26,0,0,0,0,-8,13,7,6,11,10,8]} 1. e4 e5 2. Nf3 Nc6 3. Bb5 a6 4. Ba4 Nf6 5. O-O Be7 6. Re1 b5 7. Bb3 d6 8. c3 O-O 9. h3 Bb7 10. d4 Re8 11. Ng5 Rf8 12. Nf3 Re8 13. a3 h6 14. Bc2 Bf8 15. b4 Nb8 16. Nbd2 Nbd7 17. Bb2 g6 18. Rc1 {[#] C93: Closed Ruy Lopez: Smyslov Variation.} Nh5 $146 ({Predecessor:} 18... c6 19. Nb3 Rc8 20. Bb1 Qb6 21. c4 exd4 22. c5 dxc5 23. bxc5 Qc7 24. Bxd4 Bg7 25. e5 Nd5 26. e6 Nf8 27. Bxg7 Kxg7 28. exf7 Rxe1+ 29. Qxe1 Qxf7 {1-0 (47) Vidit,S (2721)-Sadzikowski,D (2587) Hungary 2017}) 19. c4 (19. Nb3 $14) 19... exd4 $11 20. Bxd4 {White is slightly better.} Ne5 21. Nxe5 dxe5 22. Be3 Nf4 23. Nf3 (23. Qf3 $14) 23... Bg7 24. Bb1 Qxd1 {The position is equal.} 25. Rcxd1 bxc4 26. Nd2 Rad8 27. Rc1 Nd3 28. Bxd3 $1 Rxd3 29. Rxc4 {Accuracy: White = 52%, Black = 60%.} 1/2-1/2

[Event "DMP Ekstraliga 2020"]
[Site "Krakow"]
[Date "2020.09.01"]
[Round "7.7"]
[White "Moranda, Wojciech"]
[Black "Matuszewski, Michal"]
[Result "1/2-1/2"]
[WhiteElo "2605"]
[BlackElo "2508"]
[Annotator "TA"]
[PlyCount "33"]
[EventDate "2020.08.26"]
[EventType "team-tourn"]
[EventCountry "POL"]
[SourceTitle "playchess.com"]
[Source "ChessBase"]
[SourceQuality "1"]
[WhiteTeam "Wieza Pegow"]
[BlackTeam "Dwie Wieze Krakow"]

{[%evp 9,33,19,43,26,40,14,25,33,23,10,67,56,51,45,54,59,74,18,21,-46,-41,-54,-56,-60,-53,-72]} 1. d4 d5 2. c4 c6 3. Nc3 Nf6 4. e3 a6 5. Nf3 b5 6. c5 {D15: Slav Defence: 4 Nc3 a6 and gambit lines after 4 Nc3 dxc4.} g6 7. Bd3 Bg4 8. h3 {White has an edge.} Bxf3 9. gxf3 {[#]} e5 $5 $146 {[%mdl 8] New and interesting.} (9... Nbd7 $11) ({Predecessor:} 9... Nbd7 10. f4 a5 11. f5 gxf5 12. Bxf5 e6 13. Bc2 e5 14. Qf3 Bh6 15. Bd2 exd4 16. exd4 {1-0 (48) Ponomariov,R (2703)-Grischuk,A (2710) Moscow 2006}) 10. dxe5 $14 Nfd7 11. f4 $1 Nxc5 12. Bc2 Nbd7 {[%cal Bb8d7,Bd7b6,Bb6d5][%mdl 32]} 13. e4 (13. h4 $16) 13... b4 $11 {[%cal Bb5b4,Bb4c3][%mdl 32]} 14. exd5 (14. Ne2 $11) 14... bxc3 $15 {Black is slightly better.} 15. b4 $1 Nb6 $1 16. bxc5 Nxd5 17. O-O {Accuracy: White = 66%, Black = 88%.} 1/2-1/2

[Event "DMP Ekstraliga 2020"]
[Site "Krakow"]
[Date "2020.09.01"]
[Round "7.8"]
[White "Druska, Juraj"]
[Black "Dziuba, Marcin"]
[Result "0-1"]
[WhiteElo "2515"]
[BlackElo "2590"]
[Annotator "TA"]
[PlyCount "66"]
[EventDate "2020.08.26"]
[EventType "team-tourn"]
[EventCountry "POL"]
[SourceTitle "playchess.com"]
[Source "ChessBase"]
[SourceQuality "1"]
[WhiteTeam "Dwie Wieze Krakow"]
[BlackTeam "Wieza Pegow"]
[WhiteTeamCountry "SVK"]

{[%evp 9,66,19,16,19,41,38,40,28,41,40,42,54,36,0,0,0,0,0,0,0,6,-90,-66,-95,-35,-41,-38,-30,-27,0,0,-120,-123,-114,-108,-119,-120,-196,-16,-100,-108,-172,-172,-552,-610,-594,-620,-617,-619,-614,-614,-600,-584,-5325,-5318,-5306,-5297,-5181,-1669]} 1. e4 c6 2. Nf3 d5 3. d3 g6 4. e5 Bg4 5. Nbd2 c5 6. h3 {[#] B10: Caro-Kann: 2 d3 and 2 c4.} Bd7 $146 ({Predecessor:} 6... Bf5 7. d4 cxd4 8. Nxd4 Nc6 9. Bb5 Bd7 10. e6 fxe6 11. Bxc6 bxc6 12. N2b3 Bg7 {0-1 (54) Van Foreest,J (2601)-Tari,A (2618) chess.com INT 2019}) 7. c3 Nc6 8. Be2 {White is slightly better.} Bg7 9. d4 cxd4 10. cxd4 f6 {[%cal Rf6e5]} 11. exf6 Nxf6 12. O-O O-O 13. Nb3 Ne4 14. Ng5 Nd6 15. g4 (15. Bf3 $11 {remains equal.}) 15... b6 16. Nf3 Kh8 ({Black should try} 16... a5 $17 17. Bg5 a4) 17. Bg5 $15 Ne4 18. Be3 Qc7 19. Re1 Rf7 20. Bf1 (20. Bd3 $1 $11) 20... Raf8 $36 {[%mdl 2048] Black is in control.} 21. Bg2 Qd6 22. Rc1 h5 23. gxh5 {[#]} (23. Ne5 $17 Nxe5 24. dxe5 Bxe5 25. Bxe4 dxe4 26. Nd2) 23... g5 $1 {[%mdl 512]} 24. Nbd2 (24. Rf1 $11) (24. Bxg5 Bxh3) 24... Nxd2 25. Bxd2 (25. Nxd2 $17 {was called for.} Nxd4 26. Rc3) 25... Nxd4 $19 26. Nxd4 $2 (26. Rc3 {is tougher.}) 26... Rxf2 {( -> ...Qg3!). Black is clearly winning.} ({Weaker is} 26... Bxd4 27. Bc3 $17) 27. Rc3 Bxd4 {[%csl Gf8][%cal Rf2f1]} 28. Be3 Bxe3 29. Rcxe3 {[#]} Rxg2+ $1 {[%mdl 512]} 30. Kxg2 {[#] Black must now prevent Qd4+.} d4 $1 31. Re4 Bc6 32. Qd3 Rf4 {[%mdl 64] Pin} 33. Kg1 Bxe4 {Accuracy: White = 51%, Black = 86%.} 0-1

[Event "DMP Ekstraliga 2020"]
[Site "Krakow"]
[Date "2020.09.01"]
[Round "7.9"]
[White "Hnydiuk, Aleksander"]
[Black "Leniart, Arkadiusz"]
[Result "1/2-1/2"]
[WhiteElo "2411"]
[BlackElo "2482"]
[Annotator "RC"]
[PlyCount "44"]
[EventDate "2020.08.26"]
[EventType "team-tourn"]
[EventCountry "POL"]
[SourceTitle "playchess.com"]
[Source "ChessBase"]
[SourceQuality "1"]
[WhiteTeam "Wieza Pegow"]
[BlackTeam "Dwie Wieze Krakow"]
[TimeControl "30/5400+30:1800+30"]

1. Nf3 {[%emt 0:05:07]} Nf6 {[%emt 0:00:02]} 2. c4 {[%emt 0:00:05]} e6 {[%emt 0:00:06]} 3. g3 {[%emt 0:00:08]} d5 {[%emt 0:02:32]} 4. d4 {[%emt 0:00:05]} Bb4+ {[%emt 0:00:18]} 5. Bd2 {[%emt 0:00:20]} Be7 {[%emt 0:00:07]} 6. Bg2 {[%emt 0:00:05]} O-O {[%emt 0:00:51]} 7. O-O {[%emt 0:00:03]} Nbd7 {[%emt 0:01:04]} 8. Qc2 {[%emt 0:00:10]} Ne4 {[%emt 0:00:27]} 9. Nc3 {[%emt 0:01:41]} Nxd2 {[%emt 0:00:07]} 10. Nxd2 {[%emt 0:00:19]} c6 {[%emt 0:00:17]} 11. e4 dxc4 {[%emt 0:00:14]} 12. Nxc4 {[%emt 0:07:14]} Nb6 {[%emt 0:00:06]} 13. Qd3 {[%emt 0:09:40]} Nxc4 {[%emt 0:16:38]} 14. Qxc4 {[%emt 0:00:02]} b5 {[%emt 0:02:26]} 15. Qxc6 {[%emt 0:12:49]} Bd7 {[%emt 0:00:25]} 16. Qa6 {[%emt 0:00:37]} b4 {[%emt 0:04:06]} 17. Ne2 {[%emt 0:00:25]} Rb8 {[%emt 0:03:05]} 18. Rfe1 {[%emt 0:13:35]} Bb5 {[%emt 0:03:53]} 19. Qxa7 {[%emt 0:00:05]} Ra8 {[%emt 0:01:31]} 20. Qb7 {[%emt 0:00:03]} Rb8 {[%emt 0:00:26]} 21. Qa7 {[%emt 0:00:03]} Ra8 {[%emt 0:05:46]} 22. Qb7 {[%emt 0:00:06]} Rb8 {[%emt 0:15:48]} 1/2-1/2

[Event "DMP Ekstraliga 2020"]
[Site "Krakow"]
[Date "2020.09.01"]
[Round "7.10"]
[White "Nguyen, Piotr"]
[Black "Zilka, Stepan"]
[Result "1/2-1/2"]
[WhiteElo "2422"]
[BlackElo "2564"]
[Annotator "TA"]
[PlyCount "29"]
[EventDate "2020.08.26"]
[EventType "team-tourn"]
[EventCountry "POL"]
[SourceTitle "playchess.com"]
[Source "ChessBase"]
[SourceQuality "1"]
[WhiteTeam "Dwie Wieze Krakow"]
[BlackTeam "Wieza Pegow"]

{[%evp 9,29,3,9,10,10,5,8,10,6,8,7,7,8,5,8,8,0,0,0,0,13,18]} 1. c4 e5 2. g3 Nf6 3. Bg2 Bc5 4. Nc3 c6 5. e3 Bb6 {The position is equal.} 6. d4 {A23: English Opening: 1...e5 2 Nc3 Nf6 3 g3 c6.} exd4 7. exd4 d5 8. cxd5 Nxd5 9. Nxd5 cxd5 10. Ne2 O-O 11. O-O Bg4 12. Be3 Nc6 13. h3 Bxe2 14. Qxe2 {[#]} Bxd4 $146 ({Predecessor:} 14... Nxd4 15. Qd2 Nc6 16. Bxb6 Qxb6 17. Qxd5 {½-½ (17) Mista,A (2562)-Vitiugov,N (2700) Czechia 2013}) 15. Bxd4 {Not much happened in this game. Accuracy: White = 100%, Black = 100%.} 1/2-1/2